000
00329nam a22001457a 4500
003
OSt
005
20160727222524.0
008
160709b xxu||||| |||| 00| 0 eng d
040
_c
TEST
100
_9
2516
_a
Landau, L.D., et al
245
_a
Molecules
260
_a
Mosco
_b
Mir
_c
1986
300
_a
Molecules
942
_2
ddc
_c
BK
999
_c
2183
_d
2183